| 000 | 00775 am a2200229 a 4500 | ||
|---|---|---|---|
| 005 | 20240522104227.0 | ||
| 008 | 100325s1989||||ag a f |||| 001 0 spa d | ||
| 020 | _a9500602040 | ||
| 041 | _aspa | ||
| 092 |
_c616.61 _l8 _sBRE |
||
| 100 | 1 |
_aBrenner, Barry M. _9418 |
|
| 245 | 3 |
_aEl Riñón. _bT.2 / _cBarry M. Brenner |
|
| 250 |
_a3a ed. _bTraducción Nora Meeroff ; Daniel Landes y Ubaldo Patrone |
||
| 260 |
_aBuenos Aires: _bEditorial Médica Panamericana; _c1989. |
||
| 300 | _a1057-2111 p. | ||
| 500 | _aBrenner, B. y Rector, F. C. (1989). El Riñón. T.2. (3a ed.). Buenos Aires : Editorial Médica Panamericana. | ||
| 590 | _aDonación Pablo Olavegogeascoechea, 2008 | ||
| 653 | _aRiñón | ||
| 700 | 1 |
_aRector, Floyd C. _9419 |
|
| 930 | _a1944 | ||
| 942 |
_2ddc _cBK |
||
| 999 |
_c178 _d178 |
||